000 00351 a2200157 4500
001 187004
020 _a0-582-85491-1
040 _cMagnum
100 _aShakespeare, William
240 1 0 _aA midsummer night´s dream
_lING
245 1 0 _aA midsummer night´s dream
300 _a53
362 0 _a2005
697 _aLITERATURA INGLESA
942 _cBK
999 _c187004
_d187004